Central Library OPAC University of Rajshahi

Disparity in Primary Education of Bangladesh and its Adverse Impact : (Record no. 80809)

MARC details
000 -LEADER
fixed length control field 00994nam a2200241 a 4500
001 - CONTROL NUMBER
RUCL Control Number 80809
003 - CONTROL NUMBER IDENTIFIER
rucl marc code BD-RjUL
005 - DATE AND TIME OF LATEST TRANSACTION
control field 20230604104933.0
008 - FIXED-LENGTH DATA ELEMENTS--GENERAL INFORMATION
fixed length control field 221120s2011 bg a|||| m||| 00| 0 eng d
035 ## - SYSTEM CONTROL NUMBER
system control number (BD-RjUL)80809
040 ## - CATALOGING SOURCE
Original cataloging agency BD-RjUL
Language of cataloging eng
Transcribing agency BD-RjUL
Modifying agency BD-RjUL
041 ## - LANGUAGE CODE
Language code of Book eng
082 ## - DEWEY DECIMAL CLASSIFICATION NUMBER
Classification number 372.95492
Author mark and Year FED 2011
DDC Edition number 23
100 ## - MAIN ENTRY--PERSONAL NAME
Personal name Ferdous, Most. Asma
9 (RLIN) 5928
245 01 - TITLE STATEMENT
Title Disparity in Primary Education of Bangladesh and its Adverse Impact :
Remainder of title A Comparative study of Rural and Urban Education /
Statement of responsibility, etc Most. Asma Ferdous ;
Name of Supervisor/Co-Supervisor Supervisor : Md. Nurul Islam
260 ## - PUBLICATION, DISTRIBUTION, ETC. (IMPRINT)
Place of publication, distribution, etc Rajshahi :
Name of publisher, distributor, etc Institute of Education and research (IER), University of Rajshahi,
Date of publication, distribution, etc 2011
300 ## - PHYSICAL DESCRIPTION
Pagination xvi, 144 Leaves :
Other physical details ill, ;
Dimensions 29 cm.
502 ## - DISSERTATION NOTE
Dissertation note Thesis (M. Phil.) -- Institute of Education and research (IER),University of Rajshahi, 2011
504 ## - BIBLIOGRAPHY, ETC. NOTE
Bibliography, etc Bibliography : Leaves 131-134
650 ## - SUBJECT ADDED ENTRY--TOPICAL TERM
Topical term or geographic name as entry element Education
Form subdivision Disparity in Primary
Geographic subdivision Bangladesh
9 (RLIN) 5929
700 ## - ADDED ENTRY--SUPERVISOR/CO-SUPERVISOR NAME
Personal name Islam, Md. Nurul, Supervisor
9 (RLIN) 1185
942 ## - ADDED ENTRY ELEMENTS (KOHA)
Source of classification or shelving scheme Dewey Decimal Classification
Koha item type Theses
Holdings
Source of classification or shelving scheme Damaged status Not for loan Collection code Permanent Location Current Location Shelving location Date of accession Source of acquisition Total Checkouts Full call number Barcode Date last seen Copy number Thesis
Dewey Decimal Classification   Not For Loan Theses Central Library, University of Rajshahi Central Library, University of Rajshahi Documentation Section 11/11/2012 Controller of Exam. R.U   THE 372.95492 FED 2011 D3372 20/11/2022 C-1 Theses